Ремонт на машиностроителния парк (Запис номер 60181)
[ съкратено ]
| 000 -Лидер | |
|---|---|
| Контролно поле с фиксирана дължина | 01495nam a2200373 c 4500 |
| 003 - Код на организацията, давaща контролен номер | |
| Контролно поле | BLK |
| 005 - Дата и час на последна редакция | |
| Контролно поле | 20230111191742.0 |
| 008 - Елементи от данни с фиксирана дължина | |
| fixed length control field | 180408b bul|||||r ||||||| ||bul|| |
| 010 ## - Наследен системен номер | |
| LC control number | KNG00064319000 |
| 040 ## - Източник на каталожния запис | |
| Идентификатор на билиотеката - собственик на записа | BLK |
| 041 ## - Код за език | |
| Код за езика на текст/звукозапис или на отделно заглавие | Български |
| Код за езика КДБФ | Български |
| 080 ## - УДК | |
| Текстов определител УДК | Селскостопански машини и инструменти. Селскостопанско машиностроене |
| УДК код - определител по УДК | 631.3 |
| УДК определител | .004.67(075.8) |
| УДК - код + определител | 631.3.004.67(075.8) |
| 100 1# - Редна дума - Автор | |
| Автор | Спиридонов, Ганчо |
| Авторска отговорност | първи автор |
| R(LIN) | 289700 |
| 139 ## - Редно поле | |
| Редна дума | Спиридонов, Ганчо |
| Авторски знак | Спи - С 57 |
| 245 10 - Сведения за заглавието | |
| Заглавие | Ремонт на машиностроителния парк |
| Подзаглавни данни | За студентите от ВИММЕСС - Русе |
| Редно поле (дума) | Ганчо Спиридонов. |
| 250 ## - Област на изданието | |
| Сведения за изданието | 2. изд. |
| 257 ## - Страна на издаване | |
| Страна на създаване/издаване | България |
| 260 ## - Област на издателските данни | |
| Име на издателя, разпространителя и проч. | Земиздат |
| Година на издаване | 1974 |
| Място на издаване, разпространение и проч. | София |
| 300 ## - Физическа характеристика | |
| Страници | 404 с. |
| Илюстрации и др. | с ил. |
| Размери/Мащаб | 24 см |
| 380 ## - Жанр | |
| Жанр | Селско стопанство |
| 500 ## - Общи забележки | |
| Забележка | Авт. не е отбелязан на кор. - 1. изд. 1971. - 3 570 тир. - Библиогр. с. 397-400. |
| 504 ## - Забележка за наличие на библиография и др | |
| Забележка за наличие на библиография и под. | 397-400 |
| 650 #4 - Допълнително описание по предмет – тема | |
| Основно описание – тема или топоним | Машинно-тракторен парк - ремонт - учебници за ВУЗ |
| 9 (RLIN) | 289701 |
| 653 ## - Ключова дума – ненормативна | |
| Ключова дума | машини |
| 653 ## - Ключова дума – ненормативна | |
| Ключова дума | трактори |
| 653 ## - Ключова дума – ненормативна | |
| Ключова дума | автомобили |
| 653 ## - Ключова дума – ненормативна | |
| Ключова дума | ремонти |
| 653 ## - Ключова дума – ненормативна | |
| Ключова дума | учебници за ВУЗ |
| 852 ## - Местоположение | |
| Форматна сигнатура | Цб 71373 |
| 856 4# - Електронен адрес и достъп | |
| Електронен формат | pdf - файл |
| Инструкция (цена за достъп) | 0.00 |
| Права за достъп | disable |
| 856 4# - Електронен адрес и достъп | |
| Електронен формат | pdf - файл |
| Инструкция (цена за достъп) | 0.00 |
| Права за достъп | disable |
| 999 ## - СИСТЕМНИ КОНТРОЛНИ НОМЕРА | |
| Koha biblionumber | 60181 |
| Koha biblioitemnumber | 60181 |
| 942 ## - АРТИКУЛИ | |
| Вид на библиотечния материал | Книги |
| Скрит в OPAC | Не |
| Периодичен библиозапис | Да |
| 944 ## - СЪЗДАВАНЕ И РЕДАКЦИЯ на ЗАПИСА | |
| Създаване/Редакция | Създаване |
| Дата на регистрацията/редакция | 13.06.2004 |
| Статус, дата на статуса | ф / |
| Служител, извършил регистрацията/редакцията | Людмила_Стоянова |
| 944 ## - СЪЗДАВАНЕ И РЕДАКЦИЯ на ЗАПИСА | |
| Създаване/Редакция | Редакция |
| Дата на регистрацията/редакция | 16.06.2010 |
| Статус, дата на статуса | ф / |
| 999 ## - СИСТЕМНИ КОНТРОЛНИ НОМЕРА | |
| Koha biblioitemnumber | 60181 |
| Код за отписване | Код за изгубен артикул | Източник на класификационната схема | Код за повреда | Коз за рестрикции | Код за отдаване | Артикулен № | Име на библиотеката - собственик | Име на библиотеката, в която се намира в момента | Статус (Текущо местоположение) | Дата на вписване в системата | Местоположение - отдел | Цена в лева | Инвентарен номер | Систематично азбучна сигнатура | Баркод | Номер на екземпляра | Цена в евро | Служебна бележка | Служебен тип на артикула | Бележка за публиката |
|---|---|---|---|---|---|---|---|---|---|---|---|---|---|---|---|---|---|---|---|---|
| Изтеглен | Не е изгубен | Universal Decimal Classification | Не е повреден | без рестрикции | ползва се в читалня | 99010 | Регионална библиотека "Любен Каравелов" Русе | Регионална библиотека "Любен Каравелов" Русе | Читалня | 1993-01-01 | Читалня | 1.91 | 164953 | Ч 631.3/С 57 Г | 164953 | 1 | 0.98 | Дост: Pk Вид: Ф N: стар фонд Дата: 01.01.1974 Дата инв: 20.03.2017 Бележки инв: Ч2017 | Книги | |
| Не е изгубен | Universal Decimal Classification | Не е повреден | без рестрикции | ползва се в читалня | 99011 | Регионална библиотека "Любен Каравелов" Русе | Регионална библиотека "Любен Каравелов" Русе | Хранилище | 1974-01-01 | Хранилище | 1.91 | 163469 | Цб 71373 | 120000163469 | 2 | 0.98 | Дост: Dp Вид: Д N: стар фонд Дата: 01.01.1974 | Книги | ||
| Изтеглен | Не е изгубен | Не е повреден | без рестрикции | заемане за дома | 99012 | Регионална библиотека "Любен Каравелов" Русе | Регионална библиотека "Любен Каравелов" Русе | 1974-01-01 | Заемна - подръчен фонд | 1.91 | 164948 | П 631.3/С 57 | 164948 | 3 | 0.98 | Дост: Pk Вид: Ф N: стар фонд Дата: 01.01.1974 | Книги | Отч.N: 25/2018 , Дата: 26.03.2018 | ||
| Изтеглен | Не е изгубен | Не е повреден | без рестрикции | заемане за дома | 99013 | Регионална библиотека "Любен Каравелов" Русе | Регионална библиотека "Любен Каравелов" Русе | 1974-01-01 | Заемна - подръчен фонд | 1.91 | 164951 | П 631.3/С 57 | 164951 | 4 | 0.98 | Дост: Pk Вид: Ф N: стар фонд Дата: 01.01.1974 | Книги | Отч.N: 25/2018 , Дата: 26.03.2018 |